[Event "Outaouais-ch Reserve"]
[Site "Gatineau CAN"]
[Date "2025.05.06"]
[Round "7"]
[White "Bolduc, Christian"]
[Black "Bergeron-Collin, Laurent"]
[Result "1/2-1/2"]
[WhiteElo "1095"]
[BlackElo "1173"]
[WhiteFideId "-1"]
[WhiteFideId "-1"]
[PlyCount "144"]
[GameId "2175210935869949"]
[EventDate "2025.03.25"]
[EventType "swiss"]
[EventRounds "8"]
[EventCountry "CAN"]

1. e4 c6 2. Nf3 d5 3. exd5 cxd5 4. Nc3 Bg4 5. d4 e6 6. Be2 Bxf3 7. Bxf3 Bd6 8. Qe2 Ne7 9. Nb5 Bb4+ 10. Bd2 Nbc6 11. a3 Bxd2+ 12. Qxd2 O-O 13. O-O Nf5 14. b3 a6 15. Nc3 Ncxd4 16. Qd3 Qf6 17. Rad1 Nh4 18. Qxd4 Nxf3+ 19. gxf3 Qxf3 20. Rfe1 Qf5 21. Qd3 Qg5+ 22. Kh1 Rac8 23. Ne2 Qf6 24. f4 Rfd8 25. Rf1 d4 26. b4 b5 27. Nxd4 Rxd4 28. Qxd4 Qe7 29. Rg1 f6 30. Rde1 Rxc2 31. Qe4 Rc4 32. Qxe6+ Qxe6 33. Rxe6 Kf7 34. Rxa6 Rxf4 35. Ra7+ Ke6 36. Raxg7 Rf3 37. Rxh7 Rxa3 38. Re1+ Kd5 39. Rh5+ Kc4 40. Rh4+ Kc3 41. Rc1+ Kb2 42. Re1 Rc3 43. Rf1 Rc6 44. Rhf4 Kb3 45. Rb1+ Kc2 46. Rff1 Rb6 47. h4 f5 48. Rfc1+ Kd3 49. Rd1+ Kc2 50. Rf1 Rh6 51. Rbe1 Rxh4+ 52. Kg2 Kd2 53. Re5 Rxb4 54. Rfxf5 Rg4+ 55. Kf3 b4 56. Kxg4 b3 57. Rf1 Kc2 58. Rb5 b2 59. Kf3 Kc3 60. Ke2 Kc2 61. Rb1 Kxb1 62. Kd2 Ka1 63. Kc2 Ka2 64. Rxb2+ Ka3 65. Kc3 Ka4 66. Rb4+ Ka3 67. Kc4 Ka2 68. Kc3 Ka3 69. Kc4 Ka2 70. Ra4+ Kb2 71. Rb4+ Ka3 72. Kc3 Ka2 1/2-1/2

[Event "Outaouais-ch Reserve"]
[Site "Gatineau CAN"]
[Date "2025.05.06"]
[Round "7"]
[White "Bourbeau, Florent"]
[Black "Vezina, Yannick"]
[Result "1-0"]
[WhiteElo "1553"]
[BlackElo "1476"]
[WhiteFideId "-1"]
[WhiteFideId "-1"]
[PlyCount "113"]
[GameId "2174969458512023"]
[EventDate "2025.03.25"]
[EventType "swiss"]
[EventRounds "8"]
[EventCountry "CAN"]

1. e4 e5 2. Nf3 Nc6 3. Bc4 Bc5 4. c3 Nf6 5. d4 exd4 6. e5 d5 7. Bb5 Ne4 8. cxd4 Bb6 9. Nc3 Bg4 10. h3 Bh5 11. Qc2 Bxf3 12. gxf3 Nxc3 13. bxc3 O-O 14. Rg1 f6 15. f4 Qe8 16. Be3 Qe7 17. Rg3 Nxd4 18. Bxd4 Bxd4 19. cxd4 Qb4+ 20. Rc3 Qxb5 21. Rxc7 Qb4+ 22. Qc3 Qxc3+ 23. Rxc3 fxe5 24. fxe5 Rf4 25. Ke2 Rxd4 26. Rd3 Re4+ 27. Re3 Re8 28. Rxe4 dxe4 29. Rb1 Rxe5 30. Rxb7 Ra5 31. Rb2 Ra3 32. h4 Kf7 33. Rb4 Rxa2+ 34. Ke3 a5 35. Rxe4 a4 36. h5 Kf6 37. f4 Ra1 38. Kd2 a3 39. Kc2 Rf1 40. Kb3 Rf3+ 41. Ka2 h6 42. Ra4 Rg3 43. Ra5 Rf3 44. Ra4 Kf5 45. Ra7 Rg3 46. Rf7+ Kg4 47. Rxg7+ Kxf4 48. Rg6 Rh3 49. Rxh6 Ke4 50. Rh8 Kd4 51. h6 Kc3 52. h7 Rh2+ 53. Kxa3 Rh5 54. Rc8+ Kd3 55. h8=Q Ra5+ 56. Kb4 Ra1 57. Qxa1 1-0

[Event "Outaouais-ch Reserve"]
[Site "Gatineau CAN"]
[Date "2025.05.06"]
[Round "7"]
[White "Collin, Achille"]
[Black "Filion, Yves"]
[Result "1-0"]
[WhiteElo "1358"]
[BlackElo "1607"]
[WhiteFideId "-1"]
[WhiteFideId "-1"]
[PlyCount "75"]
[GameId "2175210935894526"]
[EventDate "2025.03.25"]
[EventType "swiss"]
[EventRounds "8"]
[EventCountry "CAN"]

1. c4 e6 2. d4 d5 3. Nc3 a6 4. cxd5 exd5 5. Nf3 Nf6 6. Bg5 Be7 7. e3 Bf5 8. Qb3 Nbd7 9. Nxd5 Nxd5 10. Qxd5 Be6 11. Bxe7 Qxe7 12. Qa5 b6 13. Qc3 O-O 14. Be2 c5 15. O-O b5 16. dxc5 Nxc5 17. Nd4 Ne4 18. Qd3 Bc4 19. Qc2 Bd5 20. Rac1 g6 21. b3 Rac8 22. Qd3 Nc5 23. Qd2 Qg5 24. Nf3 Qf5 25. Rfd1 Rfd8 26. Qb4 Bxf3 27. Bxf3 Nd3 28. Qe7 Re8 29. Rxc8 Rxc8 30. e4 Qf4 31. Qd7 Rc3 32. Rxd3 Qc1+ 33. Rd1 Qb2 34. Qe8+ Kg7 35. Qe5+ Kh6 36. Qf4+ Kg7 37. g4 Rc2 38. e5 1-0

[Event "Outaouais-ch Reserve"]
[Site "Gatineau CAN"]
[Date "2025.05.06"]
[Round "7"]
[White "Falardeau, Alexandre"]
[Black "Lecorre, Joel"]
[Result "0-1"]
[WhiteElo "1225"]
[BlackElo "1407"]
[WhiteFideId "-1"]
[WhiteFideId "-1"]
[PlyCount "77"]
[GameId "2175210939298303"]
[EventDate "2025.03.25"]
[EventType "swiss"]
[EventRounds "8"]
[EventCountry "CAN"]

1. e4 e6 2. d4 d5 3. e5 c5 4. c3 Bd7 5. Nf3 a6 6. Bd3 Bb5 7. O-O Nc6 8. a4 Bxd3 9. Qxd3 c4 10. Qc2 Nge7 11. Bg5 h6 12. Bh4 Qb6 13. Nbd2 Nf5 14. Bg3 Na5 15. Rfb1 Qc6 16. b4 cxb3 17. Nxb3 Bb4 18. Nxa5 Bxa5 19. Ra3 O-O 20. Qb2 Rab8 21. Rb3 b6 22. Bf4 Qc4 23. Ra1 Rfc8 24. Bd2 Rc6 25. Raa3 Rbc8 26. g4 Ne7 27. Ne1 Qe2 28. h3 Rc4 29. Qc1 Rxd4 30. Rb2 Re4 31. f3 Rxe5 32. Be3 Qxe3+ 33. Qxe3 Rxe3 34. Ng2 Rxf3 35. Kh2 Rcxc3 36. Rxc3 Rxc3 37. Re2 Nc6 38. Re1 Nd4 39. Kh1 0-1

[Event "Outaouais-ch Reserve"]
[Site "Gatineau CAN"]
[Date "2025.05.06"]
[Round "7"]
[White "Labelle, Raymond"]
[Black "Seguin, Hubert"]
[Result "1-0"]
[WhiteElo "1442"]
[BlackElo "1542"]
[WhiteFideId "-1"]
[WhiteFideId "-1"]
[PlyCount "125"]
[GameId "2176656317367964"]
[EventDate "2025.03.25"]
[EventType "swiss"]
[EventRounds "8"]
[EventCountry "CAN"]

1. e4 c5 2. Nf3 d6 3. d4 cxd4 4. Nxd4 g6 5. Bc4 Bg7 6. Be3 Nf6 7. Nc3 Nc6 8. Bb5 Bd7 9. Nxc6 Bxc6 10. Bxc6+ bxc6 11. O-O O-O 12. Qd3 Qc7 13. h3 Rfb8 14. Rab1 Rb7 15. b3 Rab8 16. Ne2 c5 17. c4 Qa5 18. Qc2 Qc7 19. Ng3 a5 20. Bf4 Nd7 21. Rfe1 Be5 22. Ne2 Bg7 23. Qd2 a4 24. Nc3 Bxc3 25. Qxc3 axb3 26. axb3 Rb4 27. Bh6 f6 28. Qd3 Qb7 29. Qd5+ Qxd5 30. exd5 Kf7 31. Re3 Rxc4 32. Rbe1 Rh4 33. Rxe7+ Kg8 34. Rxd7 Rxh6 35. Ree7 Kf8 36. Re6 Rxb3 37. Rxf6+ Ke8 38. Rfxd6 Rb6 39. Rxb6 Kxd7 40. Rc6 Rh5 41. Rxc5 Kd6 42. Ra5 Re5 43. Ra7 Rxd5 44. Rxh7 Ke6 45. g4 Kf6 46. h4 Rd4 47. f3 Rd2 48. h5 gxh5 49. Rxh5 Rc2 50. Rh2 Rc4 51. Kg2 Kg5 52. Kg3 Rc3 53. Rh5+ Kg6 54. Ra5 Kf6 55. g5+ Kg6 56. Kg4 Rc1 57. Ra6+ Kg7 58. f4 Rg1+ 59. Kf5 Rh1 60. Ra7+ Kg8 61. Kg6 Kf8 62. f5 Rc1 63. f6 1-0

[Event "Outaouais-ch Reserve"]
[Site "Gatineau CAN"]
[Date "2025.05.06"]
[Round "7"]
[White "Perrier, Vincent"]
[Black "Gagne, Learry"]
[Result "1-0"]
[WhiteElo "1309"]
[BlackElo "1239"]
[WhiteFideId "-1"]
[WhiteFideId "-1"]
[PlyCount "69"]
[GameId "2174969456914581"]
[EventDate "2025.03.25"]
[EventType "swiss"]
[EventRounds "8"]
[EventCountry "CAN"]

1. e4 e6 2. d4 d5 3. Nd2 dxe4 4. Nxe4 Bd7 5. Nf3 Bc6 6. Bd3 Nd7 7. O-O Ngf6 8. Re1 Be7 9. Nxf6+ Bxf6 10. Ne5 Nxe5 11. dxe5 Bg5 12. Qg4 h6 13. h4 Bxc1 14. Qxg7 Ke7 15. Qf6+ Kd7 16. Qxf7+ Qe7 17. Qxe7+ Kxe7 18. Raxc1 Rhg8 19. Be4 Bxe4 20. Rxe4 b5 21. Rd4 Rad8 22. Rcd1 Rxd4 23. Rxd4 c5 24. Re4 Rd8 25. Re2 a5 26. g4 Rd4 27. f3 h5 28. gxh5 Rxh4 29. Rh2 Rf4 30. Kf2 Rf5 31. h6 Rf8 32. Ke3 Kf7 33. f4 Kg6 34. Ke4 Rh8 35. b3 1-0

[Event "Outaouais-ch Reserve"]
[Site "Gatineau CAN"]
[Date "2025.05.06"]
[Round "7"]
[White "Piche, Danielle"]
[Black "Chenard, Paul"]
[Result "0-1"]
[WhiteElo "915"]
[BlackElo "946"]
[WhiteFideId "-1"]
[WhiteFideId "-1"]
[PlyCount "42"]
[GameId "2174969458512025"]
[EventDate "2025.03.25"]
[EventType "swiss"]
[EventRounds "8"]
[EventCountry "CAN"]

1. e4 c5 2. Nf3 Nc6 3. d4 d6 4. Be3 Nf6 5. dxc5 Nxe4 6. b4 h6 7. Bd3 f5 8. Nbd2 Nc3 9. Qc1 g5 10. Bd4 Nxd4 11. Nxd4 Bg7 12. N2f3 e5 13. Ne2 e4 14. Nxc3 Bxc3+ 15. Nd2 exd3 16. Rb1 Qe7+ 17. Kf1 Qe2+ 18. Kg1 Bxd2 19. Qd1 dxc2 20. Qxe2+ Kd8 21. Qxd2 cxb1=Q+ 0-1

[Event "Outaouais-ch Reserve"]
[Site "Gatineau CAN"]
[Date "2025.05.06"]
[Round "7"]
[White "Simard, Paul"]
[Black "Dubois, Simon"]
[Result "0-1"]
[Annotator "hugh_"]
[WhiteElo "1210"]
[BlackElo "1270"]
[WhiteFideId "-1"]
[WhiteFideId "-1"]
[PlyCount "76"]
[GameId "2174969458512022"]
[EventDate "2025.03.25"]
[EventType "swiss"]
[EventRounds "8"]
[EventCountry "CAN"]

{[%evp 0,76,14,34,12,15,20,13,37,-8,8,15,40,21,35,35,83,87,68,74,90,73,65,61,58,31,55,34,56,-31,22,-43,-28,-30,-37,-206,-147,-264,-230,-224,-245,-282,-236,-294,-262,-320,-283,-116,-354,-366,-360,-372,-370,-528,-361,-613,-608,-838,-722,-837,-880,-1063,-873,-1001,-820,-670,-828,-849,-627,-809,-542,-826,-605,-864,-849,-1018,-717,-1132,-845]} 1. d4 d5 2. c4 e6 3. e3 Nf6 4. Bd3 Nc6 5. Nf3 Bd7 6. O-O dxc4 7. Bxc4 Nd5 8. Nc3 Nb6 9. Bb3 Bd6 10. Ne4 O-O 11. Nxd6 cxd6 12. a3 Re8 13. Ba2 Ne7 14. b4 Rc8 15. Qd3 Ned5 16. Bb2 a6 17. Rac1 Bb5 18. Qd1 Bxf1 19. Qxf1 Qd7 20. h3 Rxc1 21. Qxc1 Rc8 22. Qd2 h6 23. Bb3 Nc4 24. Bxc4 Rxc4 25. Qd3 Rc8 26. Nd2 Nf6 27. Nc4 Qb5 28. a4 Qxc4 29. Qxc4 Rxc4 30. Ba3 d5 31. g4 a5 32. bxa5 Rxa4 33. Bd6 Ne8 34. Be7 Rxa5 35. Bd8 Ra8 36. Bb6 Nd6 37. Bc7 Nc4 38. Kg2 b5 0-1

[Event "Outaouais-ch Reserve"]
[Site "Gatineau CAN"]
[Date "2025.05.06"]
[Round "7"]
[White "Thibeault, Alain"]
[Black "Gagne, Raphael"]
[Result "0-1"]
[WhiteElo "1344"]
[BlackElo "1385"]
[WhiteFideId "-1"]
[WhiteFideId "-1"]
[PlyCount "72"]
[GameId "2176656317429406"]
[EventDate "2025.03.25"]
[EventType "swiss"]
[EventRounds "8"]
[EventCountry "CAN"]

1. e4 c5 2. Nc3 Nc6 3. Nf3 g6 4. a4 a6 5. Bc4 Bg7 6. O-O Nf6 7. d3 O-O 8. h3 d6 9. Be3 Bd7 10. Qd2 Na5 11. Ba2 b5 12. b3 b4 13. Ne2 Nc6 14. Rac1 a5 15. Bh6 e5 16. Nh4 Nxe4 17. dxe4 Qxh4 18. Bg5 Qxe4 19. Ng3 Qd4 20. Qe2 Qd5 21. Rcd1 Nd4 22. Qe3 Bc6 23. f3 Qe6 24. Qd2 Bxa4 25. c3 Bxb3 26. cxd4 Bxa2 27. d5 Bxd5 28. Qxd5 Qxd5 29. Rxd5 a4 30. Be7 Rfe8 31. Bxd6 Red8 32. Rfd1 a3 33. Rxc5 a2 34. Rcc1 b3 35. Ba3 Rxd1+ 36. Rxd1 Rxa3 0-1

[Event "Outaouais-ch Reserve"]
[Site "Gatineau CAN"]
[Date "2025.05.06"]
[Round "7"]
[White "Viel, Simon"]
[Black "Desroches, Maxime"]
[Result "0-1"]
[WhiteElo "1502"]
[BlackElo "1324"]
[WhiteFideId "-1"]
[WhiteFideId "-1"]
[PlyCount "84"]
[GameId "2174969458512024"]
[EventDate "2025.03.25"]
[EventType "swiss"]
[EventRounds "8"]
[EventCountry "CAN"]

1. e4 c5 2. c3 d5 3. exd5 Qxd5 4. Nf3 Nf6 5. d4 cxd4 6. cxd4 Nc6 7. Nc3 Qd8 8. Be2 e6 9. O-O a6 10. Bg5 Be7 11. Re1 Nd5 12. Bxe7 Ncxe7 13. Qc2 O-O 14. Ng5 Ng6 15. Nf3 b6 16. Ne5 Nxe5 17. dxe5 Bb7 18. Rad1 Qg5 19. Bf3 Rac8 20. Qd2 Qxd2 21. Rxd2 Rfd8 22. Red1 Rc5 23. h3 b5 24. Nxd5 Bxd5 25. b4 Rc7 26. Bxd5 Rcd7 27. f4 Rxd5 28. Rxd5 Rxd5 29. Rc1 g6 30. Rc8+ Kg7 31. Ra8 Rd4 32. g3 Rd1+ 33. Kf2 Rd2+ 34. Kf3 Rxa2 35. h4 Ra4 36. Ke2 Rxb4 37. Rxa6 Rb3 38. Kf2 Rb1 39. Rb6 b4 40. g4 b3 41. g5 b2 42. Rb8 Rh1 0-1

[Event "Outaouais-ch Reserve"]
[Site "Gatineau CAN"]
[Date "2025.05.13"]
[Round "7"]
[White "Dubois, Simon"]
[Black "Bolduc, Christian"]
[Result "1-0"]
[WhiteElo "1270"]
[BlackElo "1095"]
[WhiteFideId "-1"]
[WhiteFideId "-1"]
[PlyCount "63"]
[GameId "2178241194453762"]
[EventDate "2025.03.25"]
[EventType "swiss"]
[EventRounds "8"]
[EventCountry "CAN"]

1. e4 e5 2. Nc3 Nf6 3. f4 d6 4. f5 Nc6 5. Nf3 Be7 6. Bc4 b6 7. a3 h6 8. d3 O-O 9. Be3 Bb7 10. Qd2 a6 11. Nd5 Na5 12. Nxf6+ Bxf6 13. Ba2 d5 14. h4 dxe4 15. Nh2 Bxh4+ 16. Ke2 Qd7 17. Bxh6 Qxf5 18. Raf1 Qh5+ 19. g4 Qxh6 20. Qxh6 gxh6 21. dxe4 Bxe4 22. Nf3 Rae8 23. Rxh4 Kg7 24. g5 Rh8 25. gxh6+ Rxh6 26. Rxe4 f6 27. Rg4+ Kh7 28. Nh4 Rd8 29. Rfg1 Rd7 30. c4 Nc6 31. Bb1+ Kh8 32. Rg8# 1-0

[Event "Outaouais-ch Reserve"]
[Site "Gatineau CAN"]
[Date "2025.05.13"]
[Round "8"]
[White "Arcand, Pierre"]
[Black "Piche, Danielle"]
[Result "1-0"]
[WhiteElo "1266"]
[BlackElo "915"]
[WhiteFideId "-1"]
[WhiteFideId "-1"]
[PlyCount "80"]
[GameId "2177748285879292"]
[EventDate "2025.03.25"]
[EventType "swiss"]
[EventRounds "8"]
[EventCountry "CAN"]

1. e4 d5 2. exd5 Qxd5 3. Nc3 Qa5 4. Nf3 Nf6 5. Be2 Bf5 6. d3 c6 7. Bd2 Qc7 8. Nd4 Bg6 9. O-O e5 10. Nb3 Bd6 11. g3 Nbd7 12. Bf3 O-O 13. Re1 Rfe8 14. Ne4 Nxe4 15. Bxe4 Re6 16. Qf3 Rf6 17. Qg2 Nc5 18. Nxc5 Bxc5 19. Be3 Qb6 20. Bxc5 Qxc5 21. Bxg6 Rxf2 22. Bxh7+ Kxh7 23. Qxf2 Qxf2+ 24. Kxf2 f6 25. Re4 Rd8 26. Rd1 Kg6 27. Rde1 Rd4 28. Rxd4 exd4 29. Re7 f5 30. Rxb7 Kf6 31. Rxa7 g5 32. Rc7 f4 33. Rxc6+ Kf5 34. gxf4 Kxf4 35. a4 Kg4 36. a5 Kh3 37. Rh6+ Kg4 38. Kg2 Kf4 39. Re6 g4 40. a6 Kf5 1-0

[Event "Outaouais-ch Reserve"]
[Site "Gatineau CAN"]
[Date "2025.05.13"]
[Round "8"]
[White "Bergeron-Collin, Laurent"]
[Black "Falardeau, Alexandre"]
[Result "1/2-1/2"]
[WhiteElo "1173"]
[BlackElo "1225"]
[WhiteFideId "-1"]
[WhiteFideId "-1"]
[PlyCount "86"]
[GameId "2178241194416894"]
[EventDate "2025.03.25"]
[EventType "swiss"]
[EventRounds "8"]
[EventCountry "CAN"]

1. c4 e5 2. Nc3 Nf6 3. Nf3 Nc6 4. e3 Be7 5. b3 h6 6. d4 e4 7. Nd2 Bb4 8. Bb2 Bxc3 9. Bxc3 Qe7 10. Be2 d6 11. h3 Bd7 12. Qc2 Bf5 13. O-O d5 14. Qd1 O-O-O 15. c5 h5 16. b4 a6 17. a4 Qe6 18. b5 axb5 19. axb5 Ne7 20. Ra8+ Kd7 21. Rxd8+ Kxd8 22. Qa4 g5 23. Qa8+ Qc8 24. Ra1 g4 25. Qxc8+ Nxc8 26. h4 b6 27. g3 Ke7 28. cxb6 Nxb6 29. Bb4+ Kd7 30. Ra7 Ra8 31. Ra6 Ne8 32. Bc5 Kc8 33. Bxb6 Rxa6 34. bxa6 cxb6 35. Nb1 Kb8 36. Bb5 Nc7 37. Bc6 Ka7 38. Nc3 Be6 39. Nb5+ Nxb5 40. Bxb5 f6 41. Kf1 Bc8 42. Kg2 Bxa6 43. Be8 b5 1/2-1/2

[Event "Outaouais-ch Reserve"]
[Site "Gatineau CAN"]
[Date "2025.05.13"]
[Round "8"]
[White "Desroches, Maxime"]
[Black "Seguin, Hubert"]
[Result "1-0"]
[WhiteElo "1324"]
[BlackElo "1542"]
[WhiteFideId "-1"]
[WhiteFideId "-1"]
[PlyCount "63"]
[GameId "2179637595898591"]
[EventDate "2025.03.25"]
[EventType "swiss"]
[EventRounds "8"]
[EventCountry "CAN"]

1. d4 d5 2. c4 c6 3. Nf3 Nf6 4. Nc3 e6 5. Bg5 Be7 6. e3 O-O 7. Qc2 Nbd7 8. Be2 h6 9. Bf4 Nh5 10. Bg3 Nxg3 11. hxg3 Re8 12. O-O Bd6 13. e4 dxe4 14. Nxe4 Nf6 15. Rad1 Nxe4 16. Qxe4 f5 17. Qc2 Qf6 18. Rfe1 e5 19. dxe5 Bxe5 20. Bf1 f4 21. gxf4 Bf5 22. fxe5 Bxc2 23. exf6 Bxd1 24. Rxd1 gxf6 25. Rd6 Kf7 26. c5 Rad8 27. Bc4+ Kg7 28. Nd4 Re1+ 29. Kh2 Rde8 30. Rd7+ Kh8 31. Nf5 R1e5 32. Nd6 1-0

[Event "Outaouais-ch Reserve"]
[Site "Gatineau CAN"]
[Date "2025.05.13"]
[Round "8"]
[White "Gagne, Learry"]
[Black "Tsanov, Denise"]
[Result "0-1"]
[WhiteElo "1239"]
[BlackElo "1138"]
[WhiteFideId "-1"]
[WhiteFideId "-1"]
[PlyCount "61"]
[GameId "2178241194449665"]
[EventDate "2025.03.25"]
[EventType "swiss"]
[EventRounds "8"]
[EventCountry "CAN"]

1. e4 g6 2. d4 Bg7 3. Nf3 d6 4. Be2 Nf6 5. Nc3 O-O 6. O-O Nc6 7. h3 e5 8. d5 Ne7 9. Be3 c6 10. dxc6 Nxc6 11. Bc4 Qe7 12. Nd5 Nxd5 13. Bxd5 Be6 14. Bxe6 Qxe6 15. b3 b5 16. a4 b4 17. Rc1 Rfd8 18. c4 bxc3 19. Rxc3 d5 20. exd5 Rxd5 21. Rd3 Rxd3 22. Qxd3 e4 23. Ng5 exd3 24. Nxe6 fxe6 25. Rd1 Rd8 26. Kf1 e5 27. f3 a6 28. Bc5 Rd5 29. Be3 Nb4 30. Bd2 Nc2 31. Bc1 0-1

[Event "Outaouais-ch Reserve"]
[Site "Gatineau CAN"]
[Date "2025.05.13"]
[Round "8"]
[White "Gagne, Raphael"]
[Black "Lecorre, Joel"]
[Result "1/2-1/2"]
[WhiteElo "1385"]
[BlackElo "1407"]
[WhiteFideId "-1"]
[WhiteFideId "-1"]
[PlyCount "94"]
[GameId "2177748285879294"]
[EventDate "2025.03.25"]
[EventType "swiss"]
[EventRounds "8"]
[EventCountry "CAN"]

1. e4 e6 2. d4 d5 3. exd5 exd5 4. Nf3 Bd6 5. Bd3 Ne7 6. O-O O-O 7. Bg5 Bg4 8. Re1 Nbc6 9. c3 Qd7 10. Bb5 a6 11. Bxe7 Bxe7 12. Bxc6 bxc6 13. Qe2 Rfe8 14. Ne5 Bd6 15. f3 Bxe5 16. dxe5 Bh5 17. Qf2 Rab8 18. b4 Qe7 19. Nd2 Qg5 20. f4 Qf5 21. Nb3 Qd3 22. Re3 Qc4 23. Rae1 Bg4 24. Rg3 Bf5 25. Na5 Qb5 26. Rg5 Be4 27. Qg3 g6 28. f5 Kh8 29. f6 Qd3 30. Qxd3 Bxd3 31. Nxc6 Rb6 32. Ne7 h6 33. Rg3 Be4 34. Rd1 Re6 35. c4 dxc4 36. Rd7 Rxe5 37. Rxc7 Bd3 38. h3 Re6 39. Rf3 Re1+ 40. Kh2 Be4 41. Rf2 Bd3 42. Nd5 Kg8 43. Nf4 Rd8 44. Nxd3 cxd3 45. Rd2 Re2 46. Rxe2 dxe2 47. Re7 Rd6 1/2-1/2

[Event "Outaouais-ch Reserve"]
[Site "Gatineau CAN"]
[Date "2025.05.13"]
[Round "8"]
[White "Labelle, Raymond"]
[Black "Bourbeau, Florent"]
[Result "0-1"]
[WhiteElo "1442"]
[BlackElo "1553"]
[WhiteFideId "-1"]
[WhiteFideId "-1"]
[PlyCount "76"]
[GameId "2177748285887487"]
[EventDate "2025.03.25"]
[EventType "swiss"]
[EventRounds "8"]
[EventCountry "CAN"]

1. e4 e5 2. Nf3 Nf6 3. Nc3 Nc6 4. d3 d5 5. exd5 Nxd5 6. Bd2 Nf4 7. Nxe5 Nxg2+ 8. Bxg2 Nxe5 9. Qe2 Qe7 10. Nd5 Bg4 11. Qe3 Nf3+ 12. Bxf3 Qxe3+ 13. Bxe3 Bxf3 14. Nxc7+ Kd7 15. Nxa8 Bxh1 16. Bxa7 Bb4+ 17. Ke2 Rxa8 18. Be3 Bd5 19. a3 h6 20. Rg1 Bf8 21. Rg4 Be6 22. Rd4+ Kc6 23. Re4 g6 24. Bd2 Bg7 25. Rb4 h5 26. Be3 Re8 27. f3 Be5 28. c4 Bxh2 29. d4 Bf5 30. Kf2 h4 31. f4 h3 32. d5+ Kc7 33. c5 Rxe3 34. Kxe3 Bg1+ 35. Kf3 Bxc5 36. Rc4 Kd6 37. b4 Bg1 38. Rc1 h2 0-1

[Event "Outaouais-ch Reserve"]
[Site "Gatineau CAN"]
[Date "2025.05.13"]
[Round "8"]
[White "Rhayem, Haythem"]
[Black "Viel, Simon"]
[Result "0-1"]
[WhiteElo "1452"]
[BlackElo "1502"]
[WhiteFideId "-1"]
[WhiteFideId "-1"]
[PlyCount "70"]
[GameId "2177748285879293"]
[EventDate "2025.03.25"]
[EventType "swiss"]
[EventRounds "8"]
[EventCountry "CAN"]

1. c4 e6 2. d4 d5 3. Nc3 a6 4. a4 Nc6 5. Nf3 dxc4 6. e4 Na5 7. Bd2 c6 8. Be2 b5 9. axb5 cxb5 10. O-O Nb3 11. Rb1 Nxd4 12. Nxd4 Qxd4 13. Bf3 Bb7 14. Qe2 Bb4 15. Rbd1 Nf6 16. e5 Bxf3 17. Qxf3 O-O 18. exf6 Qxf6 19. Qxf6 gxf6 20. Bh6 Rfd8 21. Rxd8+ Rxd8 22. Rd1 Rxd1+ 23. Nxd1 f5 24. h3 Bc5 25. Kf1 Bd4 26. Ke2 b4 27. Be3 e5 28. Bc1 Kg7 29. Ne3 Bxe3 30. Bxe3 Kf6 31. Bc5 b3 32. Bb4 Ke6 33. f3 h5 34. Ke3 f4+ 35. Ke4 f5# 0-1

[Event "Outaouais-ch Reserve"]
[Site "Gatineau CAN"]
[Date "2025.05.13"]
[Round "8"]
[White "Rioux, Jocelyn"]
[Black "Blais, Robert"]
[Result "1-0"]
[WhiteElo "1600"]
[BlackElo "1319"]
[WhiteFideId "-1"]
[WhiteFideId "-1"]
[PlyCount "47"]
[GameId "2179637595947744"]
[EventDate "2025.03.25"]
[EventType "swiss"]
[EventRounds "8"]
[EventCountry "CAN"]

1. d4 f5 2. c4 e6 3. Nc3 Nf6 4. Bg5 Be7 5. Nf3 d5 6. c5 Nc6 7. e3 O-O 8. Be2 Bd7 9. O-O Ne4 10. Bxe7 Qxe7 11. Qc2 Rf6 12. a3 Raf8 13. Nb5 Be8 14. b4 Bh5 15. Rac1 g5 16. Nxg5 Bxe2 17. Nxe4 Bxb5 18. Nxf6+ Qxf6 19. Rfd1 Kf7 20. a4 Nxb4 21. Qb3 Nd3 22. axb5 Nxc1 23. Rxc1 c6 24. bxc6 1-0

[Event "Outaouais-ch Reserve"]
[Site "Gatineau CAN"]
[Date "2025.05.13"]
[Round "8"]
[White "Thibault, Mario"]
[Black "Collin, Achille"]
[Result "0-1"]
[WhiteElo "1537"]
[BlackElo "1358"]
[WhiteFideId "-1"]
[WhiteFideId "-1"]
[PlyCount "88"]
[GameId "2178241194437375"]
[EventDate "2025.03.25"]
[EventType "swiss"]
[EventRounds "8"]
[EventCountry "CAN"]

1. e4 d6 2. d4 Nf6 3. Nc3 g6 4. Be3 c6 5. f3 b5 6. Qd2 Nbd7 7. Nh3 Qa5 8. Nf2 Nb6 9. Bd3 Be6 10. d5 cxd5 11. Bxb5+ Bd7 12. Bxd7+ Kxd7 13. Bxb6 axb6 14. exd5 Bg7 15. O-O Rhc8 16. Rfe1 Rc5 17. Qe2 Re8 18. Nd3 Nxd5 19. Ne4 Rcc8 20. c3 Bh6 21. g3 Nf6 22. f4 Bg7 23. Ng5 Nd5 24. Nxf7 e6 25. Ng5 h6 26. Nf3 Nxc3 27. Nfe5+ Bxe5 28. Nxe5+ Qxe5 29. fxe5 Nxe2+ 30. Rxe2 Rc6 31. exd6 Rxd6 32. Rf1 e5 33. Rf7+ Ke6 34. Rh7 h5 35. Rf2 Re7 36. Rh8 e4 37. Re2 Ke5 38. Rc8 Ree6 39. Rc4 Rd4 40. Rc3 Kd5 41. Rc8 e3 42. Rd8+ Ke4 43. Rxd4+ Kxd4 44. Kf1 Kd3 {0-} 0-1

[Event "Outaouais-ch Reserve"]
[Site "Gatineau CAN"]
[Date "2025.05.13"]
[Round "8"]
[White "Vezina, Yannick"]
[Black "Perrier, Vincent"]
[Result "0-1"]
[WhiteElo "1476"]
[BlackElo "1309"]
[WhiteFideId "-1"]
[WhiteFideId "-1"]
[PlyCount "56"]
[GameId "2178241194441472"]
[EventDate "2025.03.25"]
[EventType "swiss"]
[EventRounds "8"]
[EventCountry "CAN"]

1. Nf3 Nf6 2. d4 g6 3. e3 Bg7 4. Nbd2 O-O 5. Bd3 d6 6. b3 c5 7. Bb2 Nc6 8. a3 cxd4 9. exd4 Re8 10. c4 e5 11. O-O e4 12. d5 exf3 13. dxc6 fxg2 14. Re1 Rxe1+ 15. Qxe1 bxc6 16. Nf3 Bb7 17. Rd1 c5 18. Kxg2 Qd7 19. h3 Bxf3+ 20. Kxf3 Qxh3+ 21. Ke2 Re8+ 22. Kd2 Rxe1 23. Rxe1 Qd7 24. Kc2 Ng4 25. Bc1 Nxf2 26. Bf1 Qf5+ 27. Kd2 Bh6+ 28. Ke2 Qc2+ 0-1